01076cam a22003374i 4500003000900000005001700009008004100026035001800067040003300085082001700118110012100135245002800256264004700284300004500331336002100376337002500397338002300422505015200445526001000597526001000607526001000617526001000627526000800637526000800645526000800653526000800661526000800669526000800677526000800685650004500693PE-LiUPU20250731173516.0150616s r 000 0 d a(Sirsi) a8111 aPE-LiUPUbspacPE-LiUPUerda04a268bA862212 aAsociación General de la Iglesia Adventista del 7mo. Día. División Sudamericana. Departamento de Educación10aQue es de mayor valor?. 1aLima :bEditorial Imprenta Unión,c1995. a182 páginas :bilustraciones ;c29 cm. atext2rdacontent aunmediated2rdamedia avolume2rdacarrier0 aDios en la tierra.- Que es de más valor?.- Quién es mi prójimo?.- Quién es el mayor valor?.- Cuál es la utilidad?.- Para dónde iremos?. aSEG42 aSEG41 aSEG40 aSEG39 aP94 aP87 aP86 aP85 aP77 aP76 aP3504aEducación RELIGIOSA DE JOVENES (IASD).